Emotional intellegences and the students: (Record no. 13192)
[ view plain ]
| 000 -LEADER | |
|---|---|
| fixed length control field | 00666nam a22001817a 4500 |
| 005 - DATE AND TIME OF LATEST TRANSACTION | |
| control field | 20241112162414.0 |
| 008 - FIXED-LENGTH DATA ELEMENTS--GENERAL INFORMATION | |
| fixed length control field | 190211b ||||| |||| 00| 0 eng d |
| 082 ## - DEWEY DECIMAL CLASSIFICATION NUMBER | |
| Edition number | 2018 |
| Classification number | UT 1203 |
| Item number | L96 |
| 100 ## - MAIN ENTRY--PERSONAL NAME | |
| Personal name | Luna, Hannah Faye R. |
| 9 (RLIN) | 36884 |
| 245 ## - TITLE STATEMENT | |
| Title | Emotional intellegences and the students: |
| Remainder of title | Attitudes in school |
| Statement of responsibility, etc. | Hannah Faye R. Luna, Ivy Grace E. Moral, and Nickeljoy V. Aman. |
| 260 ## - PUBLICATION, DISTRIBUTION, ETC. (IMPRINT) | |
| Place of publication, distribution, etc. | Amsterdam ; |
| Name of publisher, distributor, etc. | Elsevier, |
| Date of publication, distribution, etc. | October 2018 |
| 300 ## - PHYSICAL DESCRIPTION | |
| Extent | 54 pages. |
| Dimensions | 30 cm. |
| 650 ## - SUBJECT ADDED ENTRY--TOPICAL TERM | |
| Topical term or geographic name as entry element | Education |
| Form subdivision | English |
| General subdivision | Undergraduate thesis. |
| 9 (RLIN) | 36885 |
| 700 ## - ADDED ENTRY--PERSONAL NAME | |
| Personal name | Luna, Hannah Faye R. |
| 9 (RLIN) | 36884 |
| 700 ## - ADDED ENTRY--PERSONAL NAME | |
| Personal name | Moral, Ivy Grace E. |
| 9 (RLIN) | 36886 |
| 700 ## - ADDED ENTRY--PERSONAL NAME | |
| Personal name | Aman, Nickeljoy V. |
| 9 (RLIN) | 36887 |
| 942 ## - ADDED ENTRY ELEMENTS (KOHA) | |
| Source of classification or shelving scheme | Dewey Decimal Classification |
| Koha item type | Undergraduate Thesis |
| Withdrawn status | Lost status | Source of classification or shelving scheme | Damaged status | Not for loan | Collection code | Home library | Current library | Date acquired | Total Checkouts | Full call number | Barcode | Date last seen | Price effective from | Koha item type |
|---|---|---|---|---|---|---|---|---|---|---|---|---|---|---|
| Dewey Decimal Classification | Undergraduate Theses | UM Digos College - LIC | UM Digos College - LIC | 01/15/2019 | UT 1203 L96 2018 | UT1203 | 02/11/2019 | 02/11/2019 | Undergraduate Thesis |
